000 01269nam a22004330a 4500
001 PT56547
003 AR-LpoUNG
005 20260120150614.0
008 201001s2015||||ag |||||||||||||||||spa d
020 _a9789876301992
_c$1,80
040 _aAR-LpoUNG
_bspa
_eaacr
041 _aspa
044 _aag
082 0 _a320.01 638eti
100 1 _aBlanco Ilari, Juan Ignacio
245 1 0 _aÉtica y filosofía política :
_bprimeras lecturas de filosofía
250 _a1ra. ed.
260 _aLos Polvorines :
_bUniversidad Nacional de General Sarmiento,
_c2015.
300 _a164 p. :
_bgráfs., mapas
490 0 _aLa Universidad en la escuela : fuentes comentadas de historia y filosofía
650 4 _aANALISIS HISTORICO
650 4 _aASPECTOS SOCIALES
650 4 _aDEMOCRACIA
650 4 _aEDUCACION
650 4 _aENSEÑANZA SECUNDARIA
650 4 _aETICA
650 4 _aFILOSOFIA
650 4 _aMATERIAL DIDACTICO
650 4 _aMEDIOS DE ENSEÑANZA
650 4 _aPOLITICA
653 0 _aFILOSOFOS
700 1 _aBelvedere, Carlos
_ecoor.
700 1 _aDell'Elicine, Eleonora
_eint.
700 1 _aLavié, Claudia Marcela
700 1 _aLipsitz, Mario
_ecoor.
700 1 _aMiceli, Paola
_ecoor.
905 _a56547
942 _cLIB
_2ddc
999 _c51392
_d51392